=LDR 00000nam 2200000 4500 =001 NUTBA000000000000350 =005 20260402010259 =035 ##$$a 0010-031400000000349 =008 260402###########################0###### =020 ##$$a 978-602-17288-1-9 =082 ##$$a 510.7 =090 ##$$a 510.7 Lis i =100 ##$$a Anggraeni, Listya Nur =245 1#$$a Idola Matematika : $b Sari Pati Pilihan Terlengkap SMP Kelas VII, VIII, IX =250 ##$$a Cet.I =260 ##$$a Jogjakarta :$b Trans Idea Publishing,$c 2013 =300 ##$$a 228 hlm : $b ilus ; $c 19 cm =650 #4$$a Penunjang Pelajaran =850 ##$$a NBPNMAT =084 ##$$a 510.7 ANG i =990 ##$$a 90960/BPAP-NTB/2014 =990 ##$$a 21194897/BPAP-NTB/2014 =990 ##$$a 21400613/BPAP-NTB/20142014 =990 ##$$a 21400613/BPAP-NTB/20142014 =990 ##$$a 21400613/BPAP-NTB/20142014 =990 ##$$a 21400613/BPAP-NTB/20142014